000 00703nam a2200217Ii 4500
003 JO-AjNU
008 230605s9999||||xx |||||||||||||| ||und||
017 _a80/4403
020 _a1977-7139-01-1
040 _aJO-AjNU
_bara
_erda
_cJO-AjNU
041 _aara
050 1 4 _aHA29.5.A7.M8336.1981
100 3 _aعلي، محمد فنحي محمد,
_eauthor
_937268
245 0 0 _aالاحصاء في اتحاذ القرارات التجارية وبحوث العمليات
264 3 1 _aالقاهرة:مكتبة عين شمس،1981
300 _a414ص
336 _atext
_btxt
_2rdacontent
337 _aunmediated
_bn
_2rdamedia
338 _avolume
_bnc
_2rdacarrier
650 4 _aاحصاء
_937269
999 _aA15557
_c19125
_d19125